[Event "37th Zalakaros Festival 2018"]
[Site "Zalakaros"]
[Date "2018.05.30"]
[Round "6"]
[White "Hardicsay, Peter"]
[Black "Aczel, Gergely"]
[Result "0-1"]
[WhiteElo "2211"]
[BlackElo "2567"]
[Annotator "TA"]
[PlyCount "118"]
[EventDate "2018.??.??"]
[EventType "swiss"]
[EventCountry "HUN"]
[SourceTitle "playchess.com"]
[Source "ChessBase"]
[SourceQuality "1"]

{[%evp 18,118,-10,0,0,-6,-18,-54,-52,-47,-38,-92,-72,-72,-56,-93,-75,-87,-85,-90,-62,-75,-77,-171,-150,-164,-138,-137,-137,-141,-76,-81,-73,-85,-81,-80,-72,-72,-72,-84,-77,-86,-72,-91,-93,-99,-100,-96,-91,-92,-86,-91,-91,-88,-84,-84,-84,-84,-81,-84,-84,-84,-84,-84,-81,-84,-81,-84,-84,-106,-106,-106,-100,-114,-111,-118,-111,-117,-118,-222,-222,-275,-254,-293,-293,-442,-423,-1310,-1439,-1383,-1400,-1302,-1264,-881,-691,-5575,-2891,-5779,-5057,-5804,-4622,-4622,-1079]} 1. d4 Nf6 2. Nf3 d5 3. c4 e6 4. Nc3 Be7 5. Bf4 O-O 6. e3 Nbd7 7. Qc2 c5 8. cxd5 {D37: Damengambit (5.Lf4)} Nxd5 9. Nxd5 exd5 10. Bd3 {LiveBook: 22 Partien. Die Stellung ist ausgeglichen.} h6 11. b3 $146 ({Vorgänger:} 11. dxc5 Nxc5 12. O-O Bg4 13. Bf5 Bxf3 14. gxf3 Ne6 15. Bg3 Qb6 {1-0 (45) Fedoseev,V (2690)-Jakovenko,D (2718) Minsk 2017}) 11... cxd4 12. exd4 Bb4+ $1 13. Kf1 Nf6 14. a3 (14. Ne5 $15) 14... Bd6 15. Bxd6 Qxd6 16. Qc5 Qb8 17. Ne5 Ne4 18. Qc1 Bf5 19. f3 f6 20. Nd7 (20. fxe4 $17 dxe4 21. Bc4+ Kh7 22. Nf7) 20... Bxd7 $19 21. fxe4 Bc6 22. exd5 Bxd5 23. Bc4 Bxc4+ ({Günstiger ist} 23... Qd6 {...Tac8 ist eine echte Drohung.} 24. Bxd5+ Qxd5) 24. Qxc4+ $17 Kh8 25. g3 Qd6 26. Kf2 Rac8 27. Qd3 {[#]} Rc5 $3 {[%mdl 512]} 28. Rhd1 (28. dxc5 Qxd3) 28... Rd5 29. Ra2 Rd8 30. Qe3 Rxd4 31. Rxd4 Qxd4 32. Qxd4 Rxd4 {[%mdl 4096] Endspiel KT-KT} 33. Ke3 Rd7 34. Rc2 Kh7 35. b4 Kg6 36. Rc5 b6 37. Rc4 Re7+ 38. Kf3 Kf5 39. a4 h5 40. h3 Rd7 41. Ke3 g6 42. b5 Re7+ 43. Kf3 Ke5 44. Rc8 g5 45. Rh8 Rc7 46. Rxh5 Rc3+ 47. Kf2 Ra3 48. h4 {[#]} (48. Rh8 $17 {ist wohl besser.}) 48... Kf5 $1 $19 ({Lieber nicht} 48... Rxa4 49. hxg5 fxg5 50. Rxg5+ Kf6 51. Rh5 $11) 49. Rh8 Rxa4 50. h5 Ra2+ 51. Kf1 (51. Ke3 $142) 51... Kg4 {Schwarz steht klar auf Gewinn.} 52. h6 (52. Rf8 $142 Kxh5 53. Rxf6) 52... Kf3 {[%cal Ra2a1]} 53. Ke1 Rh2 54. Rh7 Kxg3 55. Rxa7 Rxh6 56. Rc7 Rh1+ 57. Ke2 Rb1 58. Rc6 Rxb5 59. Rxf6 g4 {Precision: Weiß = 49%, Schwarz = 88%.} (59... Rb2+ $142 60. Kd3 Rb3+ 61. Kc4 Rb1) 0-1

[Event "37th Zalakaros Festival 2018"]
[Site "Zalakaros"]
[Date "2018.05.30"]
[Round "6"]
[White "Horak, Jiri"]
[Black "Srinath, Rao S V"]
[Result "0-1"]
[WhiteElo "2131"]
[BlackElo "2363"]
[Annotator "TA"]
[PlyCount "78"]
[EventDate "2018.??.??"]
[EventType "swiss"]
[EventCountry "HUN"]
[SourceTitle "playchess.com"]
[Source "ChessBase"]
[SourceQuality "1"]

{[%evp 24,78,-16,-15,-22,0,52,23,77,0,82,15,114,-93,8,-152,-158,-197,-145,-407,-404,-385,-262,-437,-317,-343,-374,-374,-345,-365,-252,-229,-255,-271,-168,-168,-168,-168,-168,-168,-168,-161,-161,-391,-381,-451,-461,-668,-657,-1000,-994,-980,-949,-1261,-1245,-29988,-29989]} 1. d4 Nf6 2. Nf3 g6 3. g3 Bg7 4. Bg2 O-O 5. O-O d6 6. c4 Nbd7 7. Nc3 e5 8. e3 Re8 9. b3 c6 10. Bb2 e4 11. Nd2 d5 12. f3 exf3 13. Qxf3 {[%cal Rc4d5]} dxc4 {E67: King's Indian: Fianchetto: 6...Nbd7} 14. Nxc4 {[#]} Nf8 $146 (14... Nb6 $1 $11) ({Predecessor:} 14... Nb6 15. Ne5 Be6 16. h3 a5 17. Nd3 Nbd5 18. Nf4 Nxc3 19. Bxc3 Bf5 20. d5 Be4 21. Qf2 cxd5 {½-½ (55) Murshed,N (2409)-Ganguly,S (2654) Kolkata 2009}) 15. Rae1 Bf5 (15... Be6 $11 {keeps the balance.}) 16. h3 ({Better is} 16. e4 $16 Qxd4+ 17. Re3) 16... h5 (16... Bd3 $11) 17. Kh2 (17. e4 $16 b5 18. exf5 Rxe1 19. Rxe1 bxc4 20. fxg6 (20. Qxc6 Rc8 $14) 20... Nxg6 21. Ne4 (21. Qxc6 Rc8 $11) 21... Nxe4 22. Rxe4 (22. Qxe4 cxb3 23. axb3 Rb8 $11)) 17... Ne6 {[#]} (17... h4 $11) 18. d5 $2 {[#]} (18. e4 $1 $16 {is forced if you want to stay better.}) 18... Ng5 (18... Nxd5 $1 $17 19. e4 Nd4) 19. Qd1 $2 ({Only move:} 19. Qf4 $1 $11) 19... b5 $17 {[%cal Bb7b5,Bb5b4][%mdl 32]} 20. Nd2 Nxd5 ({Black should try} 20... h4 $19 21. g4 Bd3 22. dxc6 b4) 21. Bxd5 $4 {[%mdl 8192]} (21. Nxd5 $17 {only move.} Bxb2 22. Nf4) 21... cxd5 $19 22. h4 Bg4 23. Qc2 $2 (23. Qa1 Ne6 24. Ne2) 23... b4 24. Nb5 Rc8 25. Qb1 Bxb2 26. Qxb2 Ne4 27. Nxe4 Rxe4 28. Rf4 Qe7 29. Rxe4 Qxe4 30. Nd4 Qe5 31. Qd2 Kg7 32. Rc1 Re8 33. Nc6 $2 (33. Re1) 33... Qxe3 34. Qxe3 Rxe3 35. Nxb4 {KRB-KRN} (35. Ra1 $142) 35... d4 {[%cal Bd5d4,Bd4d3,Bd3d2][%mdl 32]} 36. Nd5 Re2+ 37. Kg1 d3 38. Rd1 d2 {Strongly threatening ...Re1+.} 39. Nf4 Re1+ {Precision: White = 14%, Black = 42%.} 0-1

[Event "37th Zalakaros Festival 2018"]
[Site "Zalakaros"]
[Date "2018.05.30"]
[Round "6"]
[White "Kosztolanczi, Gyula"]
[Black "Czebe, Attila"]
[Result "0-1"]
[WhiteElo "2130"]
[BlackElo "2422"]
[Annotator "TA"]
[PlyCount "78"]
[EventDate "2018.??.??"]
[EventType "swiss"]
[EventCountry "HUN"]
[SourceTitle "playchess.com"]
[Source "ChessBase"]
[SourceQuality "1"]

{[%evp 9,78,50,48,50,60,38,43,43,41,10,18,2,48,23,30,29,29,0,9,17,30,3,25,8,137,134,125,134,149,144,153,137,150,98,87,-26,-23,-38,-53,-105,-91,-137,-144,-128,-126,-149,-138,-132,-112,-137,-110,-267,-256,-1074,-715,-688,-647,-1476,-639,-648,-625,-625,-615,-584,-556,-12837,-12837,-12837,-12831,-29980,-29981]} 1. e4 g6 2. d4 d6 3. Nc3 c6 4. f4 d5 5. Nf3 dxe4 6. Nxe4 {B06: Modern Defence} Bg7 7. Bc4 Nh6 8. c3 {White is slightly better.} O-O 9. Be3 $146 {[%cal Bc1e3,Be3f2,Bf2h4][%mdl 32]} ({Predecessor:} 9. Ne5 Nd7 10. h4 Nf6 11. Ng5 Nd5 12. h5 f6 13. Nxh7 Kxh7 {1-0 (37) Haugen,A (2541)-McNab,C (2523) ICCF corr 1999}) 9... Nd7 10. Qd2 b5 11. Bb3 Nf5 12. Bf2 Nd6 13. Nxd6 exd6 14. O-O Nb6 15. Bh4 Qc7 16. Rae1 {Black should prevent Be7.} Nc4 (16... Bf5 $11) 17. Bxc4 $1 $16 bxc4 {[#]} 18. Be7 $1 Bf5 19. Bxf8 Rxf8 20. Re3 Qa5 21. Nh4 (21. a3 $142) 21... Bd3 {Strongly threatening ...Bxd4!} 22. Rxd3 (22. Rf2 $16) 22... cxd3 $11 23. Qxd3 Qxa2 24. f5 ({Better is} 24. Qb1 $15 Qc4 25. Nf3) 24... Qxb2 $17 25. f6 Bh6 26. Qg3 Kh8 27. Qxd6 Qxc3 28. Nf3 Kg8 29. Rb1 {[#]} c5 $1 {[%mdl 512]} 30. d5 $2 (30. Qxc5 $17 Be3+ 31. Kh1 Qxc5 32. dxc5) (30. dxc5 Be3+) 30... c4 $40 {[%mdl 128] And now ...Qe3+ would win. Black wants a kill.} 31. Ne5 $2 (31. Re1) 31... Qe3+ 32. Kh1 c3 {( -> ...c2)} 33. Rf1 {If White can now play Ng4 this consolidates a bit.} c2 (33... Qe2 $142 34. Rg1 Bf4) 34. Ng4 {[#]} c1=Q $1 {[%cal Rc1f1][%mdl 512]} 35. Nxe3 (35. Rxc1 Qxc1#) 35... Qxe3 36. Qe7 Re8 37. d6 Rxe7 38. dxe7 Bg5 39. Rd1 Bxf6 {Precision: White = 26%, Black = 63%.} 0-1

[Event "37th Zalakaros Festival 2018"]
[Site "Zalakaros"]
[Date "2018.05.30"]
[Round "6"]
[White "Gaal, Zsoka"]
[Black "Radovanovic, Jovica"]
[Result "1-0"]
[WhiteElo "2095"]
[BlackElo "2311"]
[Annotator "TA"]
[PlyCount "126"]
[EventDate "2018.??.??"]
[EventType "swiss"]
[EventCountry "HUN"]
[SourceTitle "playchess.com"]
[Source "ChessBase"]
[SourceQuality "1"]

{[%evp 15,126,-18,0,-28,-20,-47,-12,-65,-76,-80,-54,-65,-52,-81,-50,-46,-58,-63,-53,-60,-43,-45,-32,-68,-72,-61,-61,-76,-64,-123,-141,-202,-170,-206,-198,-212,-181,-212,-204,-213,-213,-204,-79,-74,-80,-1785,-364,-363,-358,-382,-356,-799,-424,-416,-322,-326,-313,-315,-303,-326,-318,-359,-362,-384,-383,-408,-408,-386,-318,-551,-427,-748,-748,-707,-723,-714,-682,-737,-618,-808,-803,-742,-735,-815,-735,-724,-721,-724,-724,-5903,-5896,-5889,-5852,-5747,-5740,-5613,-5240,-5240,-5197,-3600,-2858,-29968,-29969,-29968,-4614,-29963,-29965,-29944,-12663,-29975,-29976,-29990,-29991]} 1. Nf3 c5 2. g3 g6 3. Bg2 Bg7 4. d4 cxd4 5. Nxd4 Nc6 6. Nxc6 bxc6 7. O-O Rb8 8. c3 Nf6 {LiveBook: 11 Games. A04: Unusual lines after 1 Nf3 and King's Indian Attack} 9. Qc2 (9. e4 O-O 10. Nd2 Qc7 11. Re1 d6 12. Qc2 Nd7 13. Nf3 a5 14. Be3 c5 15. Rab1 Bb7 16. Bg5 {0-1 (56) Kharitonov,A (2538)-Bu,X (2673) Moscow 2010}) 9... O-O 10. b3 $146 ({Predecessor:} 10. Bf4 d6 11. e4 Qb6 12. b3 Nd7 13. Nd2 Ba6 14. Rfe1 Ne5 15. Be3 c5 16. h3 {0-1 (55) Strydom,D (1391)-Hercules,B (2152) Bloemfontein 2017}) 10... d5 {Black is slightly better.} 11. Bb2 (11. Bf4 $11 Rb6 12. h3) 11... Bf5 $15 12. Qc1 e5 13. Nd2 Qd7 14. Rd1 Bh6 15. Ne4 Bxe4 16. Qxh6 {And now f3 would win.} Bxg2 17. Kxg2 Qf5 {aiming for ...Ng4.} 18. Qe3 Rfe8 $36 {[%mdl 2048] Black fights for an advantage.} 19. Rac1 a5 {[%cal Ba7a5,Ba5a4][%mdl 32]} 20. Qd3 Qe6 21. e3 c5 22. h4 {[#]} (22. Ba3 $1 $15) 22... a4 $1 $17 {[%mdl 512]} 23. c4 (23. Qc2 $17) (23. bxa4 Rxb2) 23... d4 $1 $19 24. exd4 exd4 25. Qf3 axb3 26. axb3 Nd7 27. Ba3 Ne5 28. Qd5 {[#]} Rxb3 (28... Qa6 $1 $19 {[%cal Ra6a3] and Black stays clearly on top.} 29. Ra1 (29. Bxc5 Rbd8 $17) 29... Rbd8 30. Bxc5 Rxd5 31. Rxa6 Rxc5 32. Rxd4 Rb8) 29. Bxc5 Nd3 30. Rc2 $2 {[%mdl 8192] [#]} (30. Qxe6 $17 Rxe6 31. Bxd4 Nxc1 32. Rxc1) 30... Nxc5 $2 (30... Nf4+ $1 {[%mdl 512]} 31. Kh2 (31. gxf4 Qg4+) 31... Nxd5 32. cxd5 Qf5) 31. Rxd4 Qe7 32. Rdd2 Qe4+ 33. f3 $2 (33. Qxe4 Rxe4 34. Kg1) 33... Qxd5 34. cxd5 Rd3 35. Rxd3 Nxd3 {[%mdl 4096] Endgame KRN-KR} 36. Rd2 Nc5 37. d6 f6 38. Rc2 Nd7 39. g4 Kf7 40. f4 Re4 41. Kf3 Rd4 42. h5 $2 (42. Ra2) 42... Rxd6 43. hxg6+ (43. Rc1 $142) 43... hxg6 44. Rc7 Ke7 45. Ra7 Rb6 46. Ra8 Rb8 47. Ra6 Rb3+ 48. Kg2 Nc5 49. Ra7+ Rb7 50. Ra5 Ne6 51. Ra4 g5 52. fxg5 fxg5 53. Ra5 Rb3 54. Rf5 Rc3 55. Ra5 Rc5 56. Ra4 Kf6 57. Kf3 Rc3+ 58. Kg2 Ke5 59. Kf2 Rd3 (59... Nc5 $142 60. Ra8 Ne4+ 61. Ke2 Kf4 62. Ra7 Re3+ 63. Kf1 Kf3 64. Rf7+ Kxg4 65. Rd7 Kf3 66. Rf7+ Kg3 67. Rd7 g4 68. Rd8 Nf2 69. Ra8 Nd3 70. Ra1 Kf3 71. Kg1 g3 72. Rf1+ Nf2 73. Ra1 Nh3+ 74. Kh1 g2+ 75. Kh2 g1=Q+ 76. Rxg1 Nxg1 77. Kxg1 Re1+ 78. Kh2 Rc1 79. Kh3 Rh1#) 60. Ra6 Nc5 61. Ra5 Rc3 62. Ra1 Kf4 63. Rg1 Rc2+ {[%mdl 32768] Precision: White = 17%, Black = 66%. . Loss on Time!?} 1-0

[Event "37th Zalakaros Festival 2018"]
[Site "Zalakaros"]
[Date "2018.05.30"]
[Round "6"]
[White "Pasti, Aron"]
[Black "Krykun, Yuriy"]
[Result "0-1"]
[WhiteElo "2064"]
[BlackElo "2338"]
[Annotator "TA"]
[PlyCount "76"]
[EventDate "2018.??.??"]
[EventType "swiss"]
[EventCountry "HUN"]
[SourceTitle "playchess.com"]
[Source "ChessBase"]
[SourceQuality "1"]

{[%evp 35,76,24,29,-15,-33,-29,-31,-45,-49,-51,-40,-56,-56,-42,-45,-62,-80,-131,-78,-163,-185,-262,-266,-329,-337,-326,-216,-578,-493,-570,-491,-426,-431,-415,-377,-569,-565,-558,-547,-620,-611,-651,-633]} 1. e4 e5 2. Nf3 Nc6 3. Bb5 {[%cal Bf1b5,Bb5a4,Ba4b3][%mdl 32]} a6 4. Ba4 Nf6 5. O-O Be7 6. Re1 b5 7. Bb3 d6 8. c3 O-O 9. h3 Nb8 10. d4 Nbd7 11. Nbd2 Bb7 12. Bc2 Re8 13. Nf1 Bf8 14. Ng3 g6 15. a4 c5 16. d5 c4 17. Bg5 Be7 {C95: Closed Ruy Lopez: Breyer Variation with 10 d4} 18. Nh2 Nc5 {[#] LiveBook: 5 Games} 19. Ng4 $146 ({Predecessor:} 19. Be3 Qc7 20. Qe2 Reb8 21. Ra2 Bc8 22. Rea1 Nb3 23. Bxb3 cxb3 24. Ra3 bxa4 25. Rxa4 {½-½ (43) Fleetwood,D (2579)-Iotov,V (2560) ICCF email 2015}) 19... Nxg4 {The position is equal.} 20. Bxe7 Qxe7 21. Qxg4 Bc8 22. Nf5 Qf6 23. axb5 Bxf5 24. exf5 {Black must now prevent bxa6.} axb5 25. fxg6 hxg6 26. h4 {[#]} (26. f3 $142) 26... Kg7 ({Black should play} 26... Rxa1 $1 27. Rxa1 Kg7) 27. h5 (27. Rab1 $17) 27... Qf4 $19 28. Qxf4 (28. f3 $142) 28... exf4 29. hxg6 {[#]} Rxa1 $1 30. Rxa1 {[%mdl 4096] Endgame KRB-KRN} Re2 ({Weaker is} 30... fxg6 31. Kf1 $17) 31. Bd1 $2 (31. Rc1 {was the crucial defense.} fxg6 32. Kf1) 31... Re1+ 32. Kh2 {If only White now had time for gxf7....} fxg6 33. Ra7+ Kf6 34. Bf3 {White hopes to continue with Ra5.} Rb1 35. Ra8 (35. Ra2 $142) 35... Rxb2 {Black is clearly winning.} 36. Rd8 Ke7 37. Rg8 Rxf2 38. Rxg6 Rc2 {Precision: White = 22%, Black = 88%.} 0-1

[Event "37th Zalakaros Festival 2018"]
[Site "Zalakaros"]
[Date "2018.05.31"]
[Round "7"]
[White "Aczel, Gergely"]
[Black "Ostovic, Matija"]
[Result "1/2-1/2"]
[WhiteElo "2567"]
[BlackElo "2352"]
[Annotator "TA"]
[PlyCount "102"]
[EventDate "2018.??.??"]
[EventType "swiss"]
[EventCountry "HUN"]
[SourceTitle "playchess.com"]
[Source "ChessBase"]
[SourceQuality "1"]

{[%evp 25,102,44,65,72,72,72,67,66,54,50,62,54,52,-26,-35,-29,-36,-34,-20,-17,-27,-87,-29,-24,-31,-25,-36,-37,-29,-46,-53,-82,-82,-88,-82,-100,-111,-116,-89,-114,-81,-87,-81,-81,0,-81,-81,-81,0,-95,-81,-97,0,-116,-107,-101,-81,-81,-18,-28,-29,-29,-30,-49,-49,-49,-49,-49,-49,-49,-49,-49,-49,-56,-56,-85,-85,-85,0]} 1. d4 Nf6 2. c4 g6 3. f3 d5 4. cxd5 Nxd5 5. e4 Nb6 6. Nc3 Bg7 7. Be3 O-O 8. Qd2 Nc6 9. O-O-O f5 {D70: Grünfeldindisch (Abweichung im 3. Zug)} (9... Qd6 10. Kb1 Rd8 11. Nb5 Qd7 12. d5 a6 13. Nc3 Qe8 14. Qc1 Na5 15. h4 e6 16. Bf4 Rd7 17. Bh6 Bxh6 18. Qxh6 exd5 {½-½ (35) Aronian,L (2809)-Svidler,P (2749) Geneva 2017}) 10. e5 Nb4 11. Nh3 Be6 12. Kb1 Qd7 13. Nf4 Rfd8 {LiveBook: 11 Partien} 14. a3 a5 {[#]} 15. d5 $1 ({Nicht} 15. axb4 axb4 16. Bb5 c6 $17) 15... N4xd5 16. Ncxd5 Nxd5 17. Bc4 $1 c6 $146 {[#]} 18. Bb6 $1 {[%cal Rb6d8][%mdl 512]} Bh6 (18... Nxb6 19. Bxe6+) 19. g3 (19. Bxd8 $14 Rxd8 20. g3) 19... Bxf4 20. gxf4 Rf8 21. h4 h5 22. Bxa5 Kh7 23. Bb4 (23. Rhg1 $11) 23... Rfd8 (23... b6 $17) 24. Qf2 Qe8 25. Bxd5 Bxd5 26. e6 Bxe6 27. Rde1 Qf7 28. Qe3 Ba2+ 29. Ka1 Rd7 30. Rc1 Bd5 31. Rhe1 Rad8 32. Bc3 b5 33. Rcd1 Rb7 34. Bb4 Rbd7 (34... e6 $17) 35. Ba5 (35. Bc3 $1 $11) 35... Ra8 $17 36. Bb4 Rad8 ({Günstiger ist} 36... e6 $17) 37. Qb6 (37. Ba5 $11) 37... Re8 38. Bc3 Red8 (38... e6 $17 {Droht ...De7 und aus.} 39. Qf2 Ra8) 39. Qd4 (39. Bb4 $11 {hält das Gleichgewicht.}) 39... Be6 40. Qg1 Rxd1+ 41. Rxd1 Rxd1+ (41... Ra8 $17) 42. Qxd1 $11 Bd5 43. Qd4 {[%csl Gc3][%cal Rd4h8]} Qf6 44. Qxf6 exf6 45. Bxf6 Bxf3 {[%mdl 4096] Endspiel KL-KL} 46. b4 Kg8 47. Kb2 Kf7 48. Bg5 Ke6 49. Kc3 Kd5 50. Bd8 Ke4 51. Bg5 Kd5 {Precision: Weiß = 45%, Schwarz = 47%.} (51... Ke3 $17) 1/2-1/2

[Event "37th Zalakaros Festival 2018"]
[Site "Zalakaros"]
[Date "2018.05.31"]
[Round "7"]
[White "Horvath, Adam"]
[Black "Krykun, Yuriy"]
[Result "1-0"]
[WhiteElo "2481"]
[BlackElo "2338"]
[Annotator "TA"]
[PlyCount "116"]
[EventDate "2018.??.??"]
[EventType "swiss"]
[EventCountry "HUN"]
[SourceTitle "playchess.com"]
[Source "ChessBase"]
[SourceQuality "1"]

{[%evp 25,116,12,36,31,66,29,55,64,81,71,60,66,95,19,4,0,38,39,56,41,132,133,224,204,180,210,196,188,231,228,228,230,219,225,472,475,473,468,422,340,424,423,343,343,343,343,343,343,468,220,468,234,468,468,467,388,460,12,12,12,107,0,0,0,0,0,0,0,0,0,0,0,12,0,0,0,0,0,0,0,0,0,0,0,0,0,0,0,0,0,0,0,0]} 1. e4 e5 2. Nf3 Nc6 3. Bb5 a6 4. Ba4 Nf6 5. O-O Be7 6. Re1 b5 7. Bb3 d6 8. a4 Bg4 9. c3 O-O 10. h3 Bh5 11. d3 {[%cal Bd2d3,Bd3d4][%mdl 32] C90: Closed Ruy Lopez with 7...d6: Early deviations} Na5 12. Bc2 c5 13. Nbd2 Qc7 {LiveBook: 3 Games} (13... b4 14. Qe2 Qc7 15. Nf1 bxc3 16. bxc3 c4 17. Bg5 cxd3 18. Bxd3 Nb3 {½-½ (39) Czarnota,P (2540)-Postny,E (2625) Achaea 2016}) 14. Nf1 c4 15. d4 $146 ({Predecessor:} 15. Ng3 Bg6 16. d4 Nd7 17. h4 h6 18. Nf5 Rfe8 19. Nxe7+ Rxe7 20. axb5 axb5 21. dxe5 dxe5 {1-0 (42) Damjanovic,V (2320)-Arsovic,A (2255) Belgrade 1993}) 15... Rab8 16. axb5 Rxb5 17. g4 Bg6 18. Ng3 Nb3 {[#]} 19. Rxa6 (19. Bxb3 $1 $16 Rxb3 20. Rxa6) 19... Nxc1 20. Qxc1 Qb7 21. Ra2 Rb8 {[%cal Rb5b2]} 22. Ba4 $36 {[%mdl 2048] White fights for an advantage.} Rxb2 {[#]} ({Better is} 22... Rb6 $14) 23. Bc6 $1 $16 {[%cal Rc6b7][%mdl 512]} Qb6 (23... Rxa2 $16 24. Bxb7 Rxb7) (23... Qxc6 24. Rxb2) 24. Rxb2 $18 Qxb2 25. Qxb2 (25. dxe5 $6 dxe5 26. Qxb2 (26. Nxe5 Bc5 $16) 26... Rxb2 $14) 25... Rxb2 26. Ra1 (26. dxe5 $6 dxe5 27. Nxe5 Bc5 $14) 26... Rb8 27. dxe5 dxe5 28. Nxe5 Bd6 {[#]} 29. f4 $1 {[%cal Bf2f4,Bf4e5][%mdl 32]} (29. Nxc4 Bxg3 30. fxg3 Bxe4 $14) 29... Bxe5 $2 (29... Rc8 {was called for.} 30. Ra6 Rd8) 30. fxe5 Ne8 31. Ra7 Rc8 32. Bd5 Nc7 33. Nf5 Kf8 34. Nd6 ({Don't play} 34. Bxc4 Ne8 $18) 34... Nxd5 35. Nxc8 ({Don't take} 35. exd5 Rd8 $18) 35... Nxc3 {[%mdl 4096] Endgame KRN-KBN} 36. Nd6 Nxe4 37. Rc7 (37. h4 $142) 37... c3 $2 (37... Ng5 38. Kg2 (38. Rxc4 Nf3+ 39. Kf2 Nxe5 $18) (38. Nxc4 Nxh3+ 39. Kg2 Ng5 $16) 38... Ne6 39. Rxc4 Ke7 40. Nf5+ Kd7) 38. Kh2 (38. h4 $142) 38... Nxd6 $2 (38... c2 39. Nf5 Bxf5) 39. exd6 {[%cal Rc7c8] KR-KB} Ke8 40. Kg3 h5 41. g5 $2 (41. gxh5 $18 Bxh5 42. Kf4) 41... c2 $11 42. Kf4 Kd8 (42... Bh7 $11 43. Ke3 Bf5) 43. h4 (43. Ke3 $16) 43... Ke8 {The position is equal.} 44. Ke5 Kd8 45. Kd5 Bf5 46. Kd4 {Black must now prevent Ke3.} Bg6 47. Ke3 Ke8 48. Kd2 Kd8 49. Rc4 {Hoping for Rc7.} Kd7 50. Rd4 Bf5 51. Kc1 Bg6 52. Kb2 Bf5 53. Rd5 Bg6 54. Rd2 Bf5 55. Rf2 $1 {[%cal Rf2f5]} Bg6 $1 56. Rd2 Bf5 57. Kc1 Bg6 58. Rd5 Be4 {[%mdl 32768] Precision: White = 47%, Black = 53%. . Loss on Time!?} 1-0

[Event "37th Zalakaros Festival 2018"]
[Site "Zalakaros"]
[Date "2018.05.31"]
[Round "7"]
[White "Bokros, Albert"]
[Black "Li, Bo"]
[Result "0-1"]
[WhiteElo "2480"]
[BlackElo "2319"]
[Annotator "TA"]
[PlyCount "128"]
[EventDate "2018.??.??"]
[EventType "swiss"]
[EventCountry "HUN"]
[SourceTitle "playchess.com"]
[Source "ChessBase"]
[SourceQuality "1"]

{[%evp 13,128,35,32,47,65,36,47,45,53,45,50,47,77,68,67,63,64,43,29,42,88,59,73,51,49,37,66,27,57,54,72,66,134,108,132,114,119,122,147,94,154,162,127,123,155,141,175,110,113,81,90,88,88,89,100,66,71,50,52,15,32,0,434,28,29,30,63,63,126,22,26,-69,-69,-64,-57,-49,-36,-49,-36,-39,-34,-66,-85,-81,-44,-82,-36,-49,-35,-43,0,0,0,0,0,0,0,0,0,-74,-85,-120,-102,-122,-105,-242,-239,-312,-154,-173,-31,-334,-181,-29972,-29974,-29974,-29973]} 1. e4 c5 2. Nf3 Nc6 3. d4 cxd4 4. Nxd4 Qb6 5. Nb3 Nf6 6. Nc3 d6 7. Bc4 g6 {LiveBook: 4 Partien. B57: Sizilianisch (Sosin-Variante)} (7... e6 8. Bf4 Ne5 9. Be2 Bd7 10. g4 h6 11. h4 Qc7 12. Rg1 Bc6 13. Qd4 Nexg4 14. Bxg4 e5 15. Qd2 exf4 16. Qxf4 Nxg4 17. Qxg4 h5 {½-½ (116) Grandelius,N (2652)-Jumabayev,R (2612) Sharjah 2018}) 8. Bg5 Ng4 {[%csl Gg4][%cal Rb6f2]} 9. Qe2 $146 ({Vorgänger:} 9. Qd2 Bg7 10. O-O h6 11. Bf4 g5 12. Bg3 Nge5 13. Be2 Be6 14. Nd5 Bxd5 15. exd5 {1-0 (72) Govedarica,R (2351)-Pastar,S (2230) Belgrade 2017}) 9... Bg7 {Weiß steht etwas besser.} 10. Nd5 Qd8 11. O-O-O h6 12. Bd2 Nge5 13. Bc3 O-O 14. h3 Nxc4 15. Bxg7 Kxg7 16. Qxc4 Be6 17. Qc3+ f6 18. Qg3 Bf7 19. f4 a5 20. h4 a4 21. Nd4 a3 22. b3 $1 Bxd5 (22... Nxd4 $14 23. Rxd4 Kh7) 23. exd5 Nxd4 24. Rxd4 Qd7 25. Re1 Rac8 26. h5 (26. Re6 $142 $1) 26... g5 (26... Qf5 $142 27. Qxg6+ (27. Rxe7+ Rf7 $16) 27... Qxg6 28. hxg6 Kxg6) 27. Qd3 $16 {Und Dg6+ würde nun gewinnen.} Qe8 28. g4 gxf4 29. Rxf4 Rc7 30. Rfe4 (30. Ra4 $18) 30... Qf7 31. Re6 Rfc8 32. R1e2 Kf8 33. Qf5 Rb8 34. Kd1 b5 35. Qf4 Qg7 36. Qe4 (36. c3 $5) 36... b4 37. Rf2 Rbb7 $2 {[%mdl 8192] [#]} (37... Qg5 $11) 38. Rf5 $2 (38. Rfxf6+ $1 $18 {[%mdl 512]} Qxf6 (38... exf6 39. Re8+) 39. Rxf6+ exf6 40. Qg6) 38... Rb8 $11 39. Qf4 Kg8 40. Re4 Rbc8 (40... Rcb7 $14) 41. Re2 ({Besser ist} 41. Qd2 $16) 41... Rb8 42. Qd2 ({Lieber} 42. Qe4 $11) 42... Qxg4 $15 43. Rff2 $1 {[%cal Rf2g2]} Kf7 $36 {[%mdl 2048] Schwarz kämpft um Vorteil.} 44. Rg2 $1 {[%cal Rg2g4]} Qxh5 45. Qd3 $1 {[%cal Rd3h7] Beabsichtigt Dh7+ und Matt.} Rh8 46. Qe4 Kf8 {zielt auf ...Tg8 ab.} 47. Qxb4 Qxd5+ 48. Ke1 Qc5 49. Qg4 Qg5 50. Qe4 Qa5+ 51. Kf1 {Schwarz muss nun Dg6 beachten.} Rg8 {Droht stark ...Txg2.} 52. Rxg8+ Kxg8 $11 {[%mdl 4096] Endspiel KDT-KDT} 53. Qe6+ Kh8 {...Dh5 ist eine echte Drohung.} 54. Rg2 {[%csl Gg2][%cal Re6g8]} Qb5+ 55. c4 {[%csl Gg2][%cal Re6g8]} Qe8 56. Qh3 (56. b4 $11 {hält das Gleichgewicht.}) 56... Qf8 $17 57. Rg6 Kh7 58. Qd3 f5 59. Rg2 (59. Re6 $17) 59... Qf6 $19 60. Re2 Rc5 (60... e5 $19 61. Rf2 Rf7) 61. b4 $17 Re5 (61... Rc7 $19 {Droht ...Dg5 und aus.} 62. Qd5 e5) 62. Rf2 $2 {[%mdl 8192]} (62. Qxa3 $15 Rxe2 63. Kxe2) 62... Qe6 (62... Qh4 $142 {[%cal Rh4h1]} 63. Re2 Kg6 64. Rxe5 Qh1+ 65. Kf2 Qh2+ 66. Kf1 dxe5 67. Qxa3 Qf4+ 68. Kg1 Qd4+ 69. Kg2 Qxc4 70. Qg3+ Kf6) 63. b5 $2 (63. Re2 $19) 63... Re1+ 64. Kg2 Qg6+ {Precision: Weiß = 40%, Schwarz = 43%.} 0-1